00706cam a2200229 a 45000010008000000030004000080050017000120080041000290100017000700200015000870400017001020500021001190820022001402450069001622600043002313000029002745040039003036500038003426500033003806500036004137000027004494298440OSt20211222144926.0861210s1987 flua b 001 0 eng  a 86032713  a0849364922 aDLCcHUdDLC00aQK918b.E26 198700a589.2/045248221900aEcophysiology of VA mycorrhizal plants /ceditor, Gene R. Safir. aBoca Raton, Fla. :bCRC Press,cc1987. a224 p. :bill. ;c26 cm. aIncludes bibliographies and index. 0aVesicular-arbuscular mycorrhizas. 0aMycorrhizal plantsxEcology. 0aMycorrhizal plantsxPhysiology.1 aSafir, Gene R.,d1944-